000 00697nam a2200253Ia 4500
003 OSt
005 20220918164603.0
006 a|||||r|||| 00| 0
007 ta
008 220917b |||||||| |||| 00| 0 eng d
020 _a0691071942
024 _a47,278
037 _cTextual
040 _aARTS
_cARTS
_beng
041 _2eng
_aeng
082 _aO111:g(R5), L5
100 _aHermeren Goran
_919592
245 0 _aInfluence in art and literature
260 _aPrinceton
_bPrinceton Univ Press
_c1975
300 _axvii,347p.
_ccm.
650 _aPHILOSOPHY; ENGLISH LITERATURE
_919593
942 _hO111:g(R5), L5
_cTEXL
_2CC
999 _c125458
_d125458